000 00561nam a2200217 a 4500
001 000014062
003 DO-SdBNP
005 20221208105848.0
007 ta
008 091203s2002 dr a 000 0 spa d
020 _z999340440
040 _aDO-SdBNP
_bspa
_cBNPHU
082 _axxxx
_bN936b
_222
100 1 _aNovas, José C.
_931859
245 1 3 _aLa batuta de Alejandrito /
_cJosé C. Novas.
260 _aSanto Domingo :
_bBúho,
_c2000.
300 _a170 p. :
_bil. ;
_c22 cm.
590 _aInventariado, 2022 / DG
910 _aDG
942 _2ddc
_cLBS1
999 _c53097
_d53097